000
00267nam a2200097Ia 4500
008
220204s9999 xx 000 0 und d
082
_a
929(031)
_b
MCG
245
0
_a
McGraw hill encyclopedia of world biography. 12 V
260
_a
New York
_b
McGraw Hill
_c
1973
942
_c
BK
999
_c
24073
_d
24073